[Event "ICS rated blitz match"]
[Site "204.178.125.65"]
[Date "2001.01.30"]
[Round "?"]
[White "Aegis"]
[Black "Hossa"]
[Result "1-0"]
[WhiteElo "2709"]
[BlackElo "2633"]
[PlyCount "93"]
[EventDate "2001.??.??"]

1. d4 d5 2. c4 e6 3. Nc3 c6 4. Nf3 dxc4 5. a4 Bb4 6. e3 b5 7. Bd2 Nf6 8. axb5
Bxc3 9. Bxc3 cxb5 10. b3 Ne4 11. Ba5 Qd5 12. bxc4 bxc4 13. Qa4+ Nc6 14. Bxc4
Qxa5+ 15. Qxa5 Nxa5 16. Rxa5 Bb7 17. O-O Nd6 18. Be2 Ke7 19. Rfa1 Nc8 20. Ne5
Bd5 21. Rc1 f6 22. Rc7+ Ke8 23. Bb5+ Kf8 24. Nd7+ Kg8 25. e4 Bxe4 26. Bc4 Kf7
27. Nc5+ Kg6 28. Nxe4 Rb8 29. g4 Rb6 30. Ng3 Nd6 31. Bd3+ f5 32. Re5 Kf6 33. h4
Nf7 34. Nh5+ Kg6 35. Nf4+ Kf6 36. Bc4 g6 37. Rxe6+ Kg7 38. Rxb6 Kh6 39. g5+
Nxg5 40. hxg5+ Kxg5 41. Ne6+ Kh4 42. Rb1 f4 43. Kg2 f3+ 44. Kxf3 Rf8+ 45. Nxf8
a5 46. Nxh7 g5 47. Rh1# {Hossa checkmated} 1-0

[Event "ICS rated blitz match"]
[Site "204.178.125.65"]
[Date "2001.01.30"]
[Round "?"]
[White "Hossa"]
[Black "SitusInversus"]
[Result "1-0"]
[WhiteElo "2620"]
[BlackElo "1947"]
[PlyCount "33"]
[EventDate "2001.??.??"]

1. e4 c5 2. Nf3 Nc6 3. Bb5 e6 4. Bxc6 dxc6 5. O-O Bd6 6. d4 cxd4 7. Qxd4 Bf8 8.
Qxd8+ Kxd8 9. Rd1+ Ke8 10. Nc3 f6 11. e5 Bc5 12. Ne4 Bb6 13. Nd6+ Ke7 14. Bd2
Nh6 15. exf6+ Kxf6 16. Bc3+ Ke7 17. Bxg7 {SitusInversus resigns} 1-0

[Event "ICS rated blitz match"]
[Site "204.178.125.65"]
[Date "2001.01.30"]
[Round "?"]
[White "Hossa"]
[Black "Aegis"]
[Result "1/2-1/2"]
[WhiteElo "2622"]
[BlackElo "2723"]
[PlyCount "86"]
[EventDate "2001.??.??"]

1. d4 Nf6 2. c4 e6 3. Nc3 Bb4 4. Qc2 O-O 5. a3 Bxc3+ 6. Qxc3 b6 7. Bg5 Bb7 8.
f3 h6 9. Bh4 d5 10. e3 Nbd7 11. Nh3 c5 12. cxd5 exd5 13. Bb5 Ne4 14. Bxd8 Nxc3
15. bxc3 Rfxd8 16. Kd2 Nf6 17. dxc5 bxc5 18. Nf4 Rab8 19. Rab1 d4 20. cxd4 cxd4
21. Bc4 Rd7 22. Rhe1 Rbd8 23. Nd3 dxe3+ 24. Kxe3 Bd5 25. Bb5 Rd6 26. Nc5 Ba8
27. Rbc1 Rd5 28. Re2 Rh5 29. h3 Rdd5 30. Rec2 Rd8 31. a4 Re5+ 32. Kf4 Rg5 33.
g4 Rgd5 34. Kg3 R5d6 35. Re1 Rc8 36. Re7 a6 37. Be2 Bd5 38. Ne4 Rxc2 39. Nxd6
Be6 40. Bf1 Rc1 41. Be2 Rc2 42. Bf1 Rc1 43. Be2 Rc2 {Game drawn by repetition}
1/2-1/2

[Event "ICS rated blitz match"]
[Site "204.178.125.65"]
[Date "2001.01.30"]
[Round "?"]
[White "Aegis"]
[Black "Hossa"]
[Result "1-0"]
[WhiteElo "2718"]
[BlackElo "2627"]
[PlyCount "71"]
[EventDate "2001.??.??"]

1. d4 d5 2. c4 c6 3. Nf3 Nf6 4. Nc3 dxc4 5. a4 Bf5 6. e3 e6 7. Bxc4 Bb4 8. O-O
Nbd7 9. Qe2 Bg6 10. e4 Bxc3 11. bxc3 Nxe4 12. Ba3 Nxc3 13. Qb2 Nxa4 14. Qb3
Ndb6 15. Bxe6 Qc7 16. Bh3 c5 17. Rfe1+ Kf8 18. dxc5 Nxc5 19. Rac1 Nbd7 20. Qe3
b6 21. Qe7+ Kg8 22. Bxc5 bxc5 23. Bxd7 Qd8 24. Rxc5 Qxe7 25. Rxe7 Kf8 26. Re3
Rd8 27. Ba4 f6 28. Rc7 Bf7 29. Ree7 Bg6 30. Nh4 Bh5 31. g4 Be8 32. Bxe8 f5 33.
Ba4 Rd1+ 34. Bxd1 g6 35. Ba4 fxg4 36. Re8# {Hossa checkmated} 1-0

[Event "ICS rated blitz match"]
[Site "204.178.125.65"]
[Date "2001.01.30"]
[Round "?"]
[White "Hossa"]
[Black "Aegis"]
[Result "0-1"]
[WhiteElo "2615"]
[BlackElo "2730"]
[PlyCount "88"]
[EventDate "2001.??.??"]

1. d4 Nf6 2. c4 e6 3. Nf3 b6 4. e3 Bb7 5. Bd3 d5 6. O-O Bd6 7. Nc3 O-O 8. Bd2
Nc6 9. Nb5 Be7 10. cxd5 Nxd5 11. Qc2 Ncb4 12. Bxh7+ Kh8 13. Qb1 Ba6 14. Na3
Bxf1 15. Kxf1 c5 16. Be4 Rc8 17. dxc5 Bxc5 18. Kg1 f5 19. Bxd5 Qxd5 20. Nb5 a5
21. Bxb4 Bxb4 22. Qf1 Rfd8 23. Nbd4 Be7 24. Qa6 Bf6 25. Qxb6 e5 26. Nb3 a4 27.
Nbd2 e4 28. Nd4 Rb8 29. Qc7 Bxd4 30. exd4 Qxd4 31. Nf1 a3 32. Rb1 Rxb2 33. Rxb2
axb2 34. Qb7 Qe5 35. Qb3 Rb8 36. Qe3 b1=Q 37. g4 fxg4 38. Qe2 Qf5 39. Qc4 Qe1
40. Qc2 Rb1 41. Qc8+ Qxc8 42. Kg2 Qxf1+ 43. Kg3 g5 44. h3 Qg1# {
Hossa checkmated} 0-1

[Event "ICS rated blitz match"]
[Site "204.178.125.65"]
[Date "2001.01.30"]
[Round "?"]
[White "armenjan"]
[Black "Hossa"]
[Result "0-1"]
[WhiteElo "2061"]
[BlackElo "2604"]
[PlyCount "54"]
[EventDate "2001.??.??"]

1. d4 Nf6 2. c4 g6 3. Nf3 Bg7 4. g3 d6 5. Bg2 O-O 6. O-O Nbd7 7. Nc3 c5 8. b3
cxd4 9. Nxd4 Kh8 10. Bb2 Re8 11. Qd2 Kg8 12. Rac1 Rf8 13. Rfd1 Kh8 14. h3 Kg8
15. e4 Re8 16. Re1 Kh8 17. Kh2 Nc5 18. f4 e5 19. Ndb5 Bf8 20. Nd5 Nxd5 21. exd5
f6 22. fxe5 fxe5 23. Nc3 Be7 24. h4 Bf5 25. Ne4 Bxe4 26. Bxe4 Bxh4 27. Qh6 Bg5
{armenjan resigns} 0-1

[Event "ICS rated blitz match"]
[Site "204.178.125.65"]
[Date "2001.01.30"]
[Round "?"]
[White "krahs2"]
[Black "Hossa"]
[Result "0-1"]
[WhiteElo "2081"]
[BlackElo "2605"]
[PlyCount "74"]
[EventDate "2001.??.??"]

1. Nf3 d5 2. g3 c5 3. Bg2 Nc6 4. O-O e5 5. c3 e4 6. Ne1 Nf6 7. d3 Bf5 8. dxe4
dxe4 9. Qxd8+ Rxd8 10. f3 c4 11. Nd2 Bc5+ 12. Kh1 exf3 13. exf3 b5 14. a4 a6
15. axb5 axb5 16. g4 Be6 17. g5 Nd5 18. Ne4 Bb6 19. Nc2 O-O 20. Bd2 Rfe8 21.
Rfe1 Ne5 22. Nd4 Nd3 23. Reb1 Bxd4 24. cxd4 Ne7 25. Be3 Nf5 26. Bg1 Nxd4 27.
Ra5 b4 28. Nc5 Ne2 29. Nxe6 Rxe6 30. Rba1 Nxg1 31. Kxg1 Nxb2 32. Ra8 Ree8 33.
R8a7 Rd1+ 34. Rxd1 Nxd1 35. Rb7 c3 36. f4 c2 37. Rc7 Nc3 {krahs2 resigns} 0-1

[Event "ICS rated blitz match"]
[Site "204.178.125.65"]
[Date "2001.01.30"]
[Round "?"]
[White "Ylibka"]
[Black "Hossa"]
[Result "0-1"]
[WhiteElo "2126"]
[BlackElo "2607"]
[PlyCount "54"]
[EventDate "2001.??.??"]

1. d4 Nf6 2. Bg5 c5 3. d5 Ne4 4. Nf3 Nxg5 5. Nxg5 e6 6. Ne4 f5 7. Nec3 Qb6 8.
Qc1 Be7 9. g3 O-O 10. Bg2 e5 11. e3 f4 12. exf4 exf4 13. Nd2 Bf6 14. O-O fxg3
15. fxg3 Bd4+ 16. Kh1 Rxf1+ 17. Bxf1 Qh6 18. Nf3 Be3 19. Qd1 d6 20. Bg2 Bg4 21.
Qd3 Nd7 22. Re1 Bf2 23. Rf1 Bxg3 24. Ne4 Ne5 25. Qc3 Bxf3 26. Nxg3 Ng4 27. Qxf3
Qxh2# {Ylibka checkmated} 0-1

[Event "ICS rated standard match"]
[Site "204.178.125.65"]
[Date "2001.01.30"]
[Round "?"]
[White "Hossa"]
[Black "hellowen"]
[Result "1-0"]
[WhiteElo "2283"]
[BlackElo "2342"]
[PlyCount "73"]
[EventDate "2001.??.??"]

1. e4 e6 2. d4 d5 3. Nd2 Nf6 4. e5 Nfd7 5. Bd3 c5 6. c3 Nc6 7. Ne2 f5 8. O-O
cxd4 9. cxd4 Qb6 10. Nb3 a5 11. a4 Be7 12. Bd2 O-O 13. Bb5 Ndb8 14. Rc1 Bb4 15.
Bxb4 Nxb4 16. Nf4 N8c6 17. Nc5 Re8 18. Rc3 Re7 19. Qd2 Na6 20. Nxa6 Rxa6 21.
Bxa6 Qxa6 22. Rfc1 Bd7 23. Nd3 h6 24. Nf4 Be8 25. Rc5 Qb6 26. Ne2 Nb4 27. Rc8
Kh7 28. b3 Nc6 29. Qd3 Bd7 30. Ra8 Na7 31. g4 g6 32. Kh1 Nc6 33. gxf5 gxf5 34.
Rg1 Nxe5 35. dxe5 Qxf2 36. Rag8 Bc6 37. Nd4 {hellowen resigns} 1-0

[Event "ICS rated standard match"]
[Site "204.178.125.65"]
[Date "2001.01.30"]
[Round "?"]
[White "hellowen"]
[Black "Hossa"]
[Result "0-1"]
[WhiteElo "2323"]
[BlackElo "2302"]
[PlyCount "50"]
[EventDate "2001.??.??"]

1. e4 e5 2. Nf3 Nf6 3. Bc4 Nxe4 4. Nc3 Nxc3 5. dxc3 f6 6. O-O d6 7. Nh4 g6 8.
f4 c6 9. Bb3 e4 10. f5 d5 11. c4 Bc5+ 12. Kh1 dxc4 13. Qxd8+ Kxd8 14. Bxc4 g5
15. Ng6 hxg6 16. fxg6 Bf8 17. Rxf6 Bh6 18. Bxg5 Bxg5 19. Rd6+ Ke7 20. g7 Re8
21. Rg6 Bf6 22. g8=Q Rxg8 23. Rxg8 Nd7 24. g4 Ne5 25. Be2 Kf7 {hellowen resigns
} 0-1

[Event "ICS rated standard match"]
[Site "204.178.125.65"]
[Date "2001.01.30"]
[Round "?"]
[White "Hossa"]
[Black "hellowen"]
[Result "1-0"]
[WhiteElo "2319"]
[BlackElo "2306"]
[PlyCount "25"]
[EventDate "2001.??.??"]

1. Nf3 Nf6 2. Nc3 g6 3. e4 Bg7 4. e5 Ng8 5. Bc4 Nh6 6. d4 O-O 7. Bg5 c5 8. dxc5
Nc6 9. Qe2 Ng4 10. Bf4 Qa5 11. h3 Nh6 12. Bd2 Qxc5 13. Na4 {hellowen resigns}
1-0

[Event "ICS rated blitz match"]
[Site "204.178.125.65"]
[Date "2001.01.30"]
[Round "?"]
[White "PostModernist"]
[Black "Hossa"]
[Result "0-1"]
[WhiteElo "2628"]
[BlackElo "2610"]
[PlyCount "154"]
[EventDate "2001.??.??"]

1. d4 Nf6 2. c4 e6 3. Nf3 b6 4. g3 Ba6 5. b3 Bb4+ 6. Bd2 Be7 7. Bg2 c6 8. O-O
d5 9. Bc3 Nbd7 10. Nbd2 c5 11. dxc5 bxc5 12. Qc2 O-O 13. Rfd1 Qc7 14. Ng5 h6
15. Ngf3 d4 16. Bb2 Bb7 17. e3 dxe3 18. fxe3 Ng4 19. Re1 Bf6 20. Bxf6 Ndxf6 21.
h3 Ne5 22. Nxe5 Bxg2 23. Kxg2 Qxe5 24. Nf3 Qe4 25. Qxe4 Nxe4 26. Red1 Rfd8 27.
Ne5 Nc3 28. Rd3 Rxd3 29. Nxd3 Ne4 30. Nf2 Nxf2 31. Kxf2 Rd8 32. Re1 g5 33. e4
Rd2+ 34. Re2 Rd1 35. h4 Kg7 36. hxg5 hxg5 37. Ke3 Kg6 38. Rh2 Re1+ 39. Kf3 Rc1
40. Re2 Rc3+ 41. Re3 g4+ 42. Kf2 Rc1 43. Re2 Kf6 44. e5+ Kf5 45. Kg2 a5 46. Rd2
Kxe5 47. Rf2 f5 48. Re2+ Kf6 49. Rd2 a4 50. Kh2 Rc3 51. Rb2 axb3 52. axb3 e5
53. b4 cxb4 54. Rxb4 f4 55. gxf4 exf4 56. Kg2 Rc2+ 57. Kf1 f3 58. Rb8 Kg5 59.
Rf8 Kh4 60. Ke1 f2+ 61. Rxf2 Rxc4 62. Rf8 Kh3 63. Kf1 Rc1+ 64. Ke2 g3 65. Rh8+
Kg2 66. Rg8 Rc7 67. Ke3 Re7+ 68. Kd3 Kh2 69. Rh8+ Kg1 70. Kd2 g2 71. Kd3 Re5
72. Kd2 Kf2 73. Rf8+ Kg3 74. Rg8+ Kf3 75. Kd3 Re3+ 76. Kc2 Re4 77. Kb3 Rg4 {
PostModernist resigns} 0-1

[Event "ICS Rated blitz match"]
[Site "204.178.125.65"]
[Date "2001.01.30"]
[Round "?"]
[White "Aegis"]
[Black "Hossa"]
[Result "1-0"]
[WhiteElo "2741"]
[BlackElo "2628"]
[PlyCount "91"]
[EventDate "2001.??.??"]

1. d4 Nf6 2. c4 e6 3. Nc3 Bb4 4. e3 O-O 5. Bd3 d5 6. Nf3 c5 7. O-O Nbd7 8. a3
Bxc3 9. bxc3 dxc4 10. Bxc4 cxd4 11. exd4 Qc7 12. Qd3 Nb6 13. Ba2 Bd7 14. Ne5
Rac8 15. c4 Bc6 16. f3 Rfd8 17. Re1 h6 18. Bf4 Ba4 19. Bg3 Qe7 20. Qe3 Nfd7 21.
c5 Nxe5 22. cxb6 Nc4 23. Bxc4 Rxc4 24. bxa7 Qf8 25. Bb8 Rxb8 26. axb8=Q Qxb8
27. Rec1 Bc2 28. Rab1 Qc8 29. Rb2 Rc7 30. Kf2 Rc4 31. Qd2 Bd3 32. Rxc4 Bxc4 33.
Rc2 b5 34. a4 Qd8 35. axb5 Bxb5 36. Qf4 f6 37. Rc5 Be8 38. Ke3 Qa8 39. Qd6 Qa3+
40. Kf2 Qa2+ 41. Kg3 Ba4 42. Qe7 Qb1 43. Qxe6+ Kh7 44. Qe4+ Qxe4 45. fxe4 Kg6
46. d5 {Hossa resigns} 1-0

[Event "ICS rated blitz match"]
[Site "204.178.125.65"]
[Date "2001.01.30"]
[Round "?"]
[White "Hossa"]
[Black "PostModernist"]
[Result "0-1"]
[WhiteElo "2617"]
[BlackElo "2612"]
[PlyCount "148"]
[EventDate "2001.??.??"]

1. d4 d5 2. c4 c6 3. Nc3 e6 4. e3 Nf6 5. Nf3 Nbd7 6. Bd3 dxc4 7. Bxc4 b5 8. Bd3
Bb7 9. e4 b4 10. Ne2 c5 11. e5 Nd5 12. O-O Rc8 13. a3 c4 14. Be4 bxa3 15. bxa3
Be7 16. Qc2 h6 17. Rb1 N7b6 18. Ng3 Bc6 19. Qd2 O-O 20. Ne2 c3 21. Qd1 Ne3 22.
Bh7+ Kxh7 23. fxe3 Be4 24. Rb3 Na4 25. Ng3 c2 26. Qe2 Bd5 27. Rd3 Qb6 28. e4
Bc4 29. Qxc2 Qa6 30. Ne1 Bb5 31. Qd1 Rxc1 32. Qxc1 Bxd3 33. Rf3 Bg5 34. Qd1 Bc4
35. Qc2 Rb8 36. Nd3 Qb5 37. Ne1 Kg8 38. Kh1 a6 39. Kg1 Qc6 40. Nd3 Be7 41. Qc1
Rd8 42. Qa1 Bxd3 43. Rxd3 Qc4 44. Qb1 Rxd4 45. Re3 Nc3 46. Qf1 Rd1 47. Re1
Qxf1+ 48. Kxf1 Rxe1+ 49. Kxe1 Bh4 50. Kf1 Bxg3 51. hxg3 Nxe4 52. Ke2 Nxg3+ 53.
Kf3 Nf5 54. Ke4 Ne7 55. a4 Nc6 56. Kf4 g5+ 57. Ke4 Kg7 58. Kd3 Nxe5+ 59. Kd4
Kf6 60. Kc3 Kf5 61. Kd4 Kf4 62. Kc5 Kg3 63. Kd6 Ng4 64. a5 e5 65. Kd5 f5 66.
Ke6 e4 67. Kxf5 e3 68. Ke4 e2 69. Kf5 e1=Q 70. Kg6 Qe8+ 71. Kg7 Qe7+ 72. Kh8 h5
73. Kg8 Nf6+ 74. Kh8 Qf8# {Hossa checkmated} 0-1

[Event "ICS rated blitz match"]
[Site "204.178.125.65"]
[Date "2001.01.30"]
[Round "?"]
[White "monsoon"]
[Black "Hossa"]
[Result "0-1"]
[WhiteElo "2556"]
[BlackElo "2601"]
[PlyCount "86"]
[EventDate "2001.??.??"]

1. e4 c5 2. Nf3 d6 3. d4 cxd4 4. Nxd4 Nf6 5. Nc3 a6 6. a4 e6 7. Bg5 Be7 8. Be2
Nxe4 9. Bxe7 Nxc3 10. Bxd8 Nxd1 11. Rxd1 Kxd8 12. c3 Bd7 13. Bf3 Bxa4 14. b3
Bc6 15. Nxc6+ Nxc6 16. Bxc6 bxc6 17. Rxd6+ Kc7 18. Rd3 Rhb8 19. c4 Rd8 20. Ke2
Rxd3 21. Kxd3 Rd8+ 22. Ke2 Kb6 23. f4 a5 24. Ra1 h6 25. Ke3 f6 26. h4 h5 27.
Ra2 Rd1 28. Ke4 Re1+ 29. Kf3 Rb1 30. Ra3 Rf1+ 31. Ke3 Rh1 32. g3 Rc1 33. Kf2
Rc2+ 34. Kg1 e5 35. fxe5 fxe5 36. Ra1 e4 37. Re1 Rc3 38. Kf2 Rf3+ 39. Kg2 Rxb3
40. Rxe4 a4 41. c5+ Kb5 42. Re7 g6 43. Re1 a3 {monsoon resigns} 0-1

[Event "ICS rated blitz match"]
[Site "204.178.125.65"]
[Date "2001.01.30"]
[Round "?"]
[White "Hossa"]
[Black "popugai"]
[Result "1-0"]
[WhiteElo "2615"]
[BlackElo "2211"]
[PlyCount "37"]
[EventDate "2001.??.??"]

1. e4 c6 2. d4 d5 3. exd5 cxd5 4. Bd3 Nf6 5. c3 Nc6 6. Nf3 Bg4 7. h3 Bh5 8. Bf4
e6 9. O-O Be7 10. Nbd2 O-O 11. Qc2 Bg6 12. Bxg6 hxg6 13. Rfe1 Rc8 14. Nb3 Na5
15. Nxa5 Qxa5 16. Ne5 Rfd8 17. Qe2 Nd7 18. Nxf7 Kxf7 19. Qxe6+ {popugai resigns
} 1-0

[Event "ICS rated blitz match"]
[Site "204.178.125.65"]
[Date "2001.01.30"]
[Round "?"]
[White "popugai"]
[Black "Hossa"]
[Result "0-1"]
[WhiteElo "2208"]
[BlackElo "2618"]
[PlyCount "110"]
[EventDate "2001.??.??"]

1. d4 d5 2. c3 f5 3. Bf4 e6 4. Nf3 Bd6 5. Bxd6 cxd6 6. g3 Nf6 7. Bg2 Nc6 8. O-O
e5 9. e3 O-O 10. Nbd2 Ne4 11. Nxe4 fxe4 12. Nd2 exd4 13. cxd4 Qg5 14. Qb3 Kh8
15. Rac1 Nxd4 16. exd4 Qxd2 17. Qxd5 Bf5 18. Qxd6 Qxb2 19. Rc7 Rad8 20. Qe5
Qxd4 21. Qxd4 Rxd4 22. Rxb7 a6 23. Re1 Rd2 24. Bxe4 Bxe4 25. Rxe4 Rxa2 26. Ree7
Rg8 27. Ra7 h6 28. Re6 a5 29. Rea6 Rf8 30. Ra8 Rxa8 31. Rxa8+ Kh7 32. Kg2 Kg6
33. Kf3 Kf5 34. h4 Ra3+ 35. Ke2 a4 36. f3 Ke5 37. Ra5+ Kd4 38. g4 Ra2+ 39. Kf1
Ke3 40. g5 Kxf3 41. Ke1 a3 42. gxh6 gxh6 43. Kd1 Kg3 44. h5 Kh4 45. Kc1 Kg4 46.
Kb1 Rb2+ 47. Kc1 Rb3 48. Kc2 Rg3 49. Kb1 Rf3 50. Ka2 Rf5 51. Rxa3 Rb5 52. Ra4+
Kxh5 53. Ka3 Kg5 54. Rc4 h5 55. Rc5+ Rxc5 {popugai resigns} 0-1

[Event "ICS rated blitz match"]
[Site "204.178.125.65"]
[Date "2001.01.30"]
[Round "?"]
[White "Hossa"]
[Black "Zan"]
[Result "1-0"]
[WhiteElo "2621"]
[BlackElo "2057"]
[PlyCount "53"]
[EventDate "2001.??.??"]

1. d4 e6 2. c4 f5 3. Nc3 Nf6 4. e3 d5 5. Nf3 c6 6. cxd5 exd5 7. Bd3 Bd6 8. Bd2
O-O 9. Ne2 Ne4 10. Bc1 Be6 11. Nf4 Bxf4 12. exf4 Nd7 13. O-O Qf6 14. Ne5 Rae8
15. Re1 Nb6 16. b3 Bf7 17. Ba3 Nd6 18. Bxd6 Qxd6 19. Bxf5 Be6 20. Bd3 Rxf4 21.
Bxh7+ Kxh7 22. Qh5+ Kg8 23. Qxe8+ Kh7 24. Qg6+ Kg8 25. Nf3 Rf6 26. Qe8+ Qf8 27.
Rxe6 {Zan resigns} 1-0

[Event "ICS rated blitz match"]
[Site "204.178.125.65"]
[Date "2001.01.30"]
[Round "?"]
[White "Zan"]
[Black "Hossa"]
[Result "0-1"]
[WhiteElo "2056"]
[BlackElo "2622"]
[PlyCount "44"]
[EventDate "2001.??.??"]

1. c4 e5 2. g3 Nf6 3. Bg2 c6 4. Nc3 d5 5. cxd5 cxd5 6. d4 exd4 7. Qxd4 Nc6 8.
Qa4 Bb4 9. Bd2 O-O 10. Nf3 Re8 11. O-O d4 12. Nb5 Bxd2 13. Nxd2 Rxe2 14. Rad1
Qd7 15. Nc4 d3 16. Nbd6 Ne5 17. Qxd7 Nfxd7 18. Nxb7 Nxc4 19. Rxd3 Bxb7 20. Bxb7
Nc5 21. Rc3 Nxb7 22. Rxc4 Rxb2 {Zan resigns} 0-1

[Event "ICS rated blitz match"]
[Site "204.178.125.65"]
[Date "2001.01.30"]
[Round "?"]
[White "mharket"]
[Black "Hossa"]
[Result "1-0"]
[WhiteElo "2884"]
[BlackElo "2623"]
[PlyCount "101"]
[EventDate "2001.??.??"]

1. c4 e5 2. Nc3 Nf6 3. Nf3 Nc6 4. e3 Bb4 5. Qc2 Bxc3 6. Qxc3 Qe7 7. a3 d5 8. d4
Nxd4 9. Nxd4 exd4 10. Qxd4 c5 11. Qh4 dxc4 12. Bxc4 O-O 13. O-O Rd8 14. b3 Qe4
15. Qg3 Be6 16. Bb2 Ng4 17. h3 Rd2 18. Bc3 Bxc4 19. bxc4 Rc2 20. Rac1 Rxc3 21.
Rxc3 Ne5 22. Rd1 f6 23. f3 Qc6 24. f4 Nf7 25. Qf3 Qc8 26. Rcd3 Qe6 27. Qxb7 Re8
28. Qd7 Qe4 29. Qd5 Qe7 30. Rb1 a6 31. Rb7 Qf8 32. Rdb3 Rc8 33. Rd7 Qe8 34. e4
Kh8 35. Qxf7 Qxf7 36. Rxf7 h5 37. Rg3 Re8 38. Rgxg7 Rxe4 39. Rh7+ Kg8 40. Rfg7+
Kf8 41. Ra7 Kg8 42. Rxh5 Rxc4 43. Ra8+ Kg7 44. f5 Rf4 45. g4 Rc4 46. Rah8 Rc1+
47. Kf2 Rc2+ 48. Ke1 Rc1+ 49. Kd2 Rc2+ 50. Kxc2 c4 51. R5h7# {Hossa checkmated}
1-0

[Event "ICS rated blitz match"]
[Site "204.178.125.65"]
[Date "2001.01.30"]
[Round "?"]
[White "Hossa"]
[Black "Crawly"]
[Result "0-1"]
[WhiteElo "2617"]
[BlackElo "2797"]
[PlyCount "148"]
[EventDate "2001.??.??"]

1. c4 e6 2. Nf3 b6 3. Nc3 Bb7 4. e4 Bb4 5. d3 c5 6. Be2 Ne7 7. O-O d6 8. a3
Bxc3 9. bxc3 O-O 10. Qc2 f5 11. e5 Nbc6 12. Ng5 Qd7 13. exd6 Qxd6 14. Be3 h6
15. Nf3 f4 16. Bc1 Ne5 17. Nxe5 Qxe5 18. Bg4 f3 19. g3 Rad8 20. Bf4 Qf6 21.
Rfe1 Qg6 22. Bxe6+ Kh8 23. Bc7 Rxd3 24. h4 Be4 25. h5 Qh7 26. Qa4 Nc6 27. Bd5
Bxd5 28. cxd5 Qf5 29. Qf4 Qc8 30. Qd6 Rxd5 31. Qe6 Rd3 32. Bd6 Rg8 33. Qxc8
Rxc8 34. Be5 Kh7 35. a4 Re8 36. Bf4 Rxe1+ 37. Rxe1 Rxc3 38. Re6 Nb4 39. Re7 Nd3
40. Rxa7 Ra3 41. Be3 Ne5 42. Re7 Ng4 43. Bd2 Nf6 44. Be1 Rxa4 45. Bc3 Nxh5 46.
Re6 b5 47. Re5 Rc4 48. Re3 b4 49. Be5 Rc1+ 50. Kh2 c4 51. Rxf3 c3 52. Rf5 b3
53. Bxc3 Rxc3 54. Rb5 g5 55. Rb6 Kg7 56. Kg2 Nf6 57. Rb7+ Kg6 58. Kf1 h5 59.
Kg2 Nd5 60. Rb5 Rd3 61. Rb8 h4 62. Kh3 g4+ 63. Kxg4 Rd4+ 64. Kh3 Rb4 65. Re8 b2
66. Re1 hxg3 67. Kxg3 Kf5 68. f3 Nc3 69. Re8 b1=Q 70. Rf8+ Kg6 71. Kg2 Rb2+ 72.
Kh3 Qh1+ 73. Kg4 Qg1+ 74. Kh4 Rh2# {Hossa checkmated} 0-1

[Event "ICS rated blitz match"]
[Site "204.178.125.65"]
[Date "2001.01.30"]
[Round "?"]
[White "Hossa"]
[Black "monsoon"]
[Result "1-0"]
[WhiteElo "2609"]
[BlackElo "2536"]
[PlyCount "167"]
[EventDate "2001.??.??"]

1. e4 c5 2. Nf3 d6 3. d4 cxd4 4. Nxd4 Nf6 5. Nc3 a6 6. a4 e5 7. Nf3 Qc7 8. Bg5
Nbd7 9. Be2 Qb6 10. Qc1 h6 11. Be3 Nc5 12. Nd2 Be7 13. O-O Be6 14. Rd1 O-O 15.
a5 Qc6 16. Bf3 Rac8 17. Re1 Rc7 18. Nf1 Kh7 19. Ng3 Rcc8 20. Nf5 Bxf5 21. exf5
e4 22. Be2 Nd5 23. Bd4 Nxc3 24. Bxc3 Bg5 25. Bd2 Bf6 26. Bf4 d5 27. Rb1 Na4 28.
c3 Qc5 29. Qe3 Qxe3 30. fxe3 Nxb2 31. Rxb2 Bxc3 32. Reb1 Bxb2 33. Rxb2 Rc5 34.
Rxb7 Rxa5 35. Ra7 Ra2 36. Bxa6 Rc8 37. Bxc8 Rxa7 38. Kf2 Ra5 39. Be5 Rc5 40.
Bd7 Rc2+ 41. Kg3 Rc1 42. Bb5 h5 43. Bd4 Rc7 44. h3 Kh6 45. h4 Rc8 46. Bd7 Rc7
47. Be8 f6 48. Bg6 Rb7 49. Bc5 Rd7 50. Kh3 Rd8 51. g4 hxg4+ 52. Kxg4 d4 53.
exd4 Rd5 54. h5 e3 55. Kf3 e2 56. Kxe2 Rd8 57. d5 Kg5 58. d6 Kg4 59. Ke3 Kg5
60. Ke4 Rd7 61. Kd5 Rb7 62. Ke6 Rb8 63. d7 Rd8 64. Be7 Ra8 65. Kf7 Kf4 66. Kxg7
Ke3 67. d8=Q Rxd8 68. Bxd8 Kd4 69. Bxf6+ Ke3 70. Bd4+ Ke4 71. f6+ Kd5 72. f7
Kc4 73. f8=Q Kxd4 74. Qc5+ Kxc5 75. h6 Kb6 76. h7 Kc6 77. Be8+ Kc5 78. Kg6 Kb6
79. Kf5 Ka7 80. h8=Q Ka8 81. Qh7 Kb8 82. Qg7 Ka8 83. Bc6+ Kb8 84. Qb7# {
monsoon checkmated} 1-0

[Event "ICS rated blitz match"]
[Site "204.178.125.65"]
[Date "2001.01.30"]
[Round "?"]
[White "QueenMaxima"]
[Black "Hossa"]
[Result "0-1"]
[WhiteElo "2502"]
[BlackElo "2622"]
[PlyCount "200"]
[EventDate "2001.??.??"]

1. Nf3 Nf6 2. c4 e6 3. d4 Bb4+ 4. Bd2 Qe7 5. g3 O-O 6. Bg2 d5 7. O-O dxc4 8. a3
Bd6 9. Qa4 c5 10. dxc5 Bxc5 11. Qxc4 e5 12. Rc1 Na6 13. b4 Bxf2+ 14. Kxf2 e4
15. Kg1 Be6 16. Qb5 exf3 17. Bxf3 Qd6 18. Rc3 Nd5 19. Rd3 Nac7 20. Qxb7 Rfb8
21. Bf4 Qe7 22. Qc6 Nxf4 23. gxf4 Rc8 24. Qc5 Qf6 25. Qd4 Qh4 26. Bxa8 Qe1+ 27.
Kg2 Qxe2+ 28. Kg3 Rxa8 29. Nc3 Qg4+ 30. Kf2 f6 31. Rg3 Qh4 32. Kg1 Bf7 33. Qf2
Qh6 34. Rd1 a6 35. Rd7 Ne6 36. Nd5 Re8 37. Qd2 Bg6 38. Ra7 Kh8 39. Re3 Qh5 40.
Rxa6 Qg4+ 41. Rg3 Qf5 42. Rd6 Qb1+ 43. Kf2 Qh1 44. h3 Be4 45. Ne3 Qh2+ 46. Ng2
Bxg2 47. Rxg2 Qxh3 48. a4 Qh4+ 49. Kf3 Qh3+ 50. Rg3 Qh1+ 51. Kg4 f5+ 52. Kxf5
Qh5+ 53. Ke4 Ng5+ 54. Kd4 Ne4 55. Rd5 Qxd5+ 56. Kxd5 Nxd2 57. Rc3 g6 58. Rc2
Kg7 59. Rc7+ Kh6 60. Kd4 Nf3+ 61. Kd5 Ne1 62. Rc3 Ng2 63. Rf3 Rb8 64. Rf2 Ne3+
65. Kd4 Nd1 66. Rh2+ Kg7 67. Kd3 Rd8+ 68. Kc4 Ne3+ 69. Kc5 Rc8+ 70. Kb5 Nd5 71.
Rd2 Nc3+ 72. Ka5 Ra8+ 73. Kb6 Rxa4 74. Rd7+ Kf6 75. Kc5 h6 76. Rh7 h5 77. Kd4
Na2 78. Kc5 Rxb4 79. Ra7 Rb2 80. Kd4 Nb4 81. Kc4 Nc6 82. Ra6 Kf5 83. Kc3 Rc2+
84. Kxc2 Nb4+ 85. Kd2 Nxa6 86. Ke3 h4 87. Kf3 h3 88. Kg3 h2 89. Kxh2 Kxf4 90.
Kh3 Nc5 91. Kg2 Nd3 92. Kf1 Kf3 93. Kg1 g5 94. Kf1 g4 95. Kg1 g3 96. Kf1 g2+
97. Kg1 Nf4 98. Kh2 Nh3 99. Kxh3 g1=Q 100. Kh4 Qg4# {QueenMaxima checkmated}
0-1

[Event "ICS rated blitz match"]
[Site "204.178.125.65"]
[Date "2001.01.30"]
[Round "?"]
[White "Hossa"]
[Black "ChesterX"]
[Result "1-0"]
[WhiteElo "2633"]
[BlackElo "2637"]
[PlyCount "105"]
[EventDate "2001.??.??"]

1. e4 e5 2. Nf3 Nc6 3. Bb5 Nf6 4. O-O Nxe4 5. d4 Nd6 6. Bxc6 dxc6 7. dxe5 Nf5
8. Qxd8+ Kxd8 9. Nc3 Ke8 10. b3 a5 11. Rd1 Be6 12. Ng5 Rd8 13. Rxd8+ Kxd8 14.
Nxe6+ fxe6 15. Bb2 Kc8 16. Ne4 Be7 17. Rd1 Rd8 18. Rxd8+ Kxd8 19. Bc3 Bb4 20.
Bxb4 axb4 21. Nc5 Nd4 22. Nxb7+ Ke7 23. Nc5 Kf7 24. Kf1 Kg6 25. Ke1 Kf5 26. Kd2
Kxe5 27. Nd3+ Kd6 28. Nxb4 c5 29. Nd3 e5 30. Nb2 e4 31. Nc4+ Kc6 32. c3 Nf5 33.
a4 g5 34. Ne5+ Kb6 35. Nd7+ Kc6 36. Nf6 h6 37. Ke2 c4 38. b4 Nh4 39. Kf1 Ng6
40. Nxe4 Nf4 41. g3 Nd3 42. h4 gxh4 43. gxh4 Nf4 44. Nf6 Ng6 45. Ng4 h5 46. Nf6
Nf4 47. f3 Nd3 48. Ke2 Nb2 49. a5 Na4 50. Kd2 Kb5 51. Nd7 c5 52. Nxc5 Nxc5 53.
bxc5 {ChesterX resigns} 1-0